Statistics for Ten most common words

Click here to take the quiz!

General Stats

  • This quiz has been taken 192 times
  • The average score is 5 of 10

Answer Stats

HintAnswer% Correct
#4A
96%
#1The
89%
#3And
68%
#7Is
61%
#8You
46%
#6In
41%
#10It
41%
#9That
32%
#5To
30%
#2Of
27%

Score Distribution

Percentile by Number Answered

Percent of People with Each Score

Your Score History

You have not taken this quiz